Investigación de mercados (Registro nro. 2895)

Detalles MARC
000 -LEADER
fixed length control field 01852 a2200265 4500
001 - CONTROL NUMBER
control field 38535
005 - DATE AND TIME OF LATEST TRANSACTION
control field 20260407155648.0
008 - FIXED-LENGTH DATA ELEMENTS--GENERAL INFORMATION
fixed length control field 260407a1993 arg spa d
003 - CONTROL NUMBER IDENTIFIER
control field AR-UNSa-BCEJYS
040 ## - CATALOGING SOURCE
Original cataloging agency AR-UNSa-BCEJYS
Language of cataloging spa
Transcribing agency AR-UNSa-BCEJYS
080 ## - UNIVERSAL DECIMAL CLASSIFICATION NUMBER
Universal Decimal Classification number 658.8.012.12
Common auxiliary subdivision Investigación de mercados
020 ## - INTERNATIONAL STANDARD BOOK NUMBER
International Standard Book Number 958-600-124-5
100 1# - MAIN ENTRY--PERSONAL NAME
Personal name Rosas Lopetegui, Gloria Elizabeth
245 10 - TITLE STATEMENT
Title Investigación de mercados
Name of part/section of a work un enfoque aplicado
250 ## - EDITION STATEMENT
Edition statement 4a. ed.
264 #1 - PRODUCTION, PUBLICATION, DISTRIBUTION, MANUFACTURE, AND COPYRIGHT NOTICE
Place of production, publication, distribution, manufacture Bogotá :
Name of producer, publisher, distributor, manufacturer McGraw-Hill
Date of production, publication, distribution, manufacture, or copyright notice 1993
300 ## - PHYSICAL DESCRIPTION
Extent xiv, 812 p.
Dimensions 27 cm.
505 ## - FORMATTED CONTENTS NOTE
Formatted contents note 1. El papel de la investigación de meracedos en la gerencia de mercadeo - 2. El negocio de la investigación de mercados - 3. El proceso de investigación de mercados: concepto y ejemplo - 4. La decisión de llevarla a cabo la investigación - 5. Diseño de la investigación y fuentes de datos - 6. Datos secundarios - 7. El proceso de medición - 8. Medición de actitudes - 9. Diseños cuasales - 10. Métodos de recolección de datos - 12. Fundamentos del muestreo - 13. Muestreo aleatorio simple y tamaño de la muestra - 14. Procedimientos mas complejos de muestreo - 15. Operaciones de campo - 16. Prodceidimientos de datos - 17. Análisis univariado de datos - 18. Análisais bivariado de datos - 19. Análisis multivariado de datos I: Métodos de interdependencia - 20. Análisis multivariado de datos II:métodos de dependencia - 21. Informe sobre los hallazgos de la investigación - 22. Medición y pronóstico de la demnada - 23. Investigación de productos y prueba de mercadeo - 24.0 Investigación publicitaria - 25. Investigación de distribución y precios.
590 ## - LOCAL NOTE (RLIN)
Local note niveau_biblio:m niveau_hierar:0
700 1# - ADDED ENTRY--PERSONAL NAME
Personal name Kinnear, Thomas C.
700 1# - ADDED ENTRY--PERSONAL NAME
Personal name Taylor, James R.
700 1# - ADDED ENTRY--PERSONAL NAME
Personal name Tiznado Santana, Marco Antonio
700 1# - ADDED ENTRY--PERSONAL NAME
Personal name Londoño, Juan Gonzalo
942 ## - ADDED ENTRY ELEMENTS (KOHA)
Koha item type
Existencias
Withdrawn status Lost status Damaged status Not for loan Home library Current library Shelving location Date acquired Total checkouts Full call number Barcode Date last seen Price effective from Koha item type
        Biblioteca Prof. Eusebio Cleto del Rey Biblioteca Prof. Eusebio Cleto del Rey   07/04/2026   658.8.012.12 K51 4ed. L69705 07/04/2026 07/04/2026 Libro
        Biblioteca Prof. Eusebio Cleto del Rey Biblioteca Prof. Eusebio Cleto del Rey   07/04/2026   658.8.012.12 K51 4ed. L69704 07/04/2026 07/04/2026 Libro
        Biblioteca Prof. Eusebio Cleto del Rey Biblioteca Prof. Eusebio Cleto del Rey   07/04/2026   658.8.012.12 K51 4ed. L69706 07/04/2026 07/04/2026 Libro